Scenic Utah : screen saver & wall paper [
| Main Author: | |
|---|---|
| Format: | Book |
| Published: |
[s.l]:
Soft Stuff,
1998.
|
| Subjects: |
| LEADER | 00506cam a2200145 7i4500 | ||
|---|---|---|---|
| 001 | 0000008817 | ||
| 005 | 20010418090000.0 | ||
| 090 | 0 | 0 | |a CD-ROM 172 |b HOL |
| 100 | 1 | 0 | |a Holdman |
| 245 | 1 | 0 | |a Scenic Utah : |b screen saver & wall paper [ |m electronic resources]. |
| 260 | 0 | 0 | |a [s.l]: |b Soft Stuff, |c 1998. |
| 300 | # | # | |a Electronic computer optical disc (CD-ROM). |
| 650 | 0 | 0 | |a Computer software -- |x Screen saver |
| 650 | 0 | 0 | |a Computer sofware -- |x Wall paper |
| 999 | |a 0000011983 |b CD-ROM |c AV Collection |e Business Information Centre | ||